Представление документа в формате RUSMARC

ПолеНазваниеЗначение
  Тип записи c
  Библиографический уровень m
001 Контрольный номер UONB/MAIN/8ff3f1d43ba04b0d8a2b00d91c3ba4b9
005 Дата корректировки 20241012151513.3
010 Индекс ISBN __
9 Тираж 6640 экз.
013 Номер (ISMN) __
d Цена 10 к.
071 Издательские номер (звукозапись и ноты) 21
a Номер, присвоенный агентством 3124
100 Данные общей обработки __
a Данные общей обработки 20241012d1962 u y0rusy0189 ca
101 Язык документа 0_
a Язык текста rus
f Язык титульного листа rus
102 Страна публикации __
a Страна публикации RU
105 Кодированные данные (монография) __
a Кодированные данные (монография) y###||||000|y
125 Кодированные данные звукозаписи и нотных изданий __
a Форма изложения нотного текста с|
128 Кодированные данные (звукозаписи-физические характеристики) __
a Кодированные данные: Музыкальная форма и тональность или лад fm
b Инструменты или голоса, необходимые для ансамблей (устаревшее) ka||
c Инструменты или голоса, рекомендуемые для солистов (устаревшее) ve||
200 Заглавие и сведения об ответственности 1_
a Заглавие Из-за острова на стрежень
e Сведения, относящиеся к заглавию русская народная песня
e Сведения, относящиеся к заглавию для баритона с фортепьяно
f Первые сведения об ответственности обработка А. Титова
203 Вид содержания и тип средства __
a Вид содержания Музыка
b Характеристика содержания знаковая
c Тип средства непосредственная
210 Выходные данные 1_
a Место издания Москва
c Издательство Советский композитор
d Дата издания 1962
215 Физическое описание __
a Объем 7 с.
d Формат 29 см
225 Серия 1_
a Серия Репертуар певца художественной самодеятельности
f Сведения об ответственности сост. серии А. Орфенов
v Обозначение тома вып. 21
423 Издается в одной обложке с ... _0
1 2001
a Меж крутых бережков
e русская народная песня
e для баритона с фортепьяно
f обработка Ю. Слонова
1 2101
a Москва
c Советский композитор
d 1962
1 702 1
a Слонов
b Ю.
4 030
512 Заглавие обложки 1_
a Заглавие обложки Из-за острова на стрежень
517 Другие варианты заглавия 1_
a Другие варианты заглавия Меж крутых бережков
606 Тематические рубрики 0_
a Основная рубрика Сольное пение
x Основная подрубрика Баритон (голос)
x Основная подрубрика Русские народные песни
610 Ключевые слова 0_
a Ключевые слова сольное пение; русские народные песни; баритон (голос)
686 Индексы других классификаций __
a Классификационный индекс 85.92(2Рос)-4
2 Код системы rubbk
686 Индексы других классификаций __
a Классификационный индекс 85.943.2-42-092
702 Вторичная интеллектуальная ответственность _1
a Фамилия Титов
b Имя (инициалы) А.
4 Код отношения 030
801 Источник записи _0
a Страна RU
b Организация Ульяновская ОНБ
c Дата составления 20241012
g Правила каталогизации RCR
801 Источник записи _1
a Страна RU
b Организация Ульяновская ОНБ
c Дата составления 20241012
g Правила каталогизации RCR
901 Тип документа __
t Тип документа m
909 Создатель записи __
a Создатель записи Никитина Т. А.
b Дата создания записи 20241012